Bier zu Land - Statistiken

Allgemein
  • Dieses Quiz wurde 599 mal gespielt
  • Das Durchschnittsergebnis liegt bei 11 aus 20
Antwortstatistiken
Hint Antwort % Korrekt
Guinness Irland
80%
Mythos Griechenland
76%
Heineken Niederlande
75%
Jever Deutschland
73%
Corona Mexiko
73%
Estrella Galicia Spanien
73%
Peroni Italien
71%
Gösser Österreich
65%
Pilsner Urquell Tschechien
65%
Carlsberg Dänemark
64%
Tyskie Polen
61%
Miller USA
55%
Fullers Vereinigtes Königreich
48%
Leffe Belgien
47%
Feldschlößchen Schweiz
41%
Tiger Singapur
39%
Quilmes Argentinien
36%
Super Bock Portugal
30%
Brahma Brasilien
27%
Snow China
16%
Keine übereinstimmenden Quizze gefunden
Verteilung der Resultate
Anzahl Personen mit jedem Resultat
Perzentil nach korrekt beantworteten Fragen
Ihre Resultats-Entwicklung
Sie haben dieses Quiz noch nicht gespielt